A tanuló modellje
Elmentve itt :
| Szerző: | |
|---|---|
| Dokumentumtípus: | Cikk |
| Megjelent: |
1993
|
| Sorozat: | Iskolakultúra
3 No. 23 |
| Kulcsszavak: | Számítógép alkalmazása - oktatás, Pedagógia |
| Online Access: | http://misc.bibl.u-szeged.hu/43951 |
| LEADER | 00606nab a2200181 i 4500 | ||
|---|---|---|---|
| 001 | misc43951 | ||
| 005 | 20191106141226.0 | ||
| 008 | 180912s1993 hu o 0|| zxx d | ||
| 022 | |a 1215-5233 | ||
| 040 | |a SZTE Miscellanea Repozitórium |b hun | ||
| 041 | |a zxx | ||
| 100 | 1 | |a Farkas I. József | |
| 245 | 1 | 2 | |a A tanuló modellje |h [elektronikus dokumentum] / |c Farkas I. József |
| 260 | |c 1993 | ||
| 300 | |a 2-13 | ||
| 490 | 0 | |a Iskolakultúra |v 3 No. 23 | |
| 695 | |a Számítógép alkalmazása - oktatás, Pedagógia | ||
| 856 | 4 | 0 | |u http://misc.bibl.u-szeged.hu/43951/1/iskolakultura_1993_023_002-013.pdf |z Dokumentum-elérés |